| 000 | 00877nas a22001937a 4500 | ||
|---|---|---|---|
| 007 | ta | ||
| 008 | 230112s2020 xxk||||| |||| 00| 0 eng d | ||
| 041 | _aeng | ||
| 110 |
_94900 _aRoyal Institution of Chartered Surveyors |
||
| 245 |
_aUnderstanding spray foam insulation _c[electronic resource] |
||
| 260 |
_bRoyal Institution of Chartered Surveyors, _c3 November 2020 |
||
| 490 |
_aRICS Built Environment Journal, _v3 November 2020 |
||
| 520 | _aWith the Green Homes Grant aiming to increase uptake of household insulation, this article looks at concerns about the application of spray foam | ||
| 650 | _aSpray Foam | ||
| 651 | _aUnited Kingdom | ||
| 690 |
_96223 _aBuilding materials & defects |
||
| 700 | _aRushton, Trevor | ||
| 856 |
_uhttps://ww3.rics.org/uk/en/journals/built-environment-journal/understanding-spray-foam-insulation.html _zAvailable from RICS journals |
||
| 999 |
_c121313 _d121313 |
||